Databáze klient-server
Gespeichert in:
| 1. Verfasser: | |
|---|---|
| Format: | Buch |
| Sprache: | Tschechisch |
| Veröffentlicht: |
Brno
UNIS
1993
|
| Ausgabe: | 1. vyd. |
| Tags: |
Keine Tags, Fügen Sie das erste Tag hinzu!
|
MARC
| LEADER | 00000nam a2200000 4500 | ||
|---|---|---|---|
| 001 | c006616 | ||
| 005 | 20240201130359.3 | ||
| 041 | 0 | |a cze | |
| 044 | |a CZ | ||
| 245 | 1 | 0 | |a Databáze klient-server |c Joe Salemi |
| 250 | |a 1. vyd. | ||
| 264 | 1 | |a Brno |b UNIS |c 1993 | |
| 300 | |a 273 s. | ||
| 100 | 1 | |a Salemi, Joe | |